BIBLIOTECA PODER JUDICIAL
Portal Judicial TDF

Sobre el Procedimiento de Mediación Prejudicial en Materia de Salud y las consecuencias en la judicialización de la salud / (Registro nro. 5520)

000 -LEADER
fixed length control field 01545nab a22002297a 4500
003 - CONTROL NUMBER IDENTIFIER
control field OSt
005 - DATE AND TIME OF LATEST TRANSACTION
control field 20251210160517.0
008 - FIXED-LENGTH DATA ELEMENTS--GENERAL INFORMATION
fixed length control field 190604e xxu||||| |||| 00| 0 spa d
040 ## - CATALOGING SOURCE
Transcribing agency PJ
100 ## - MAIN ENTRY--PERSONAL NAME
Personal name Zambrano (h.), Martín
9 (RLIN) 5372
245 13 - TITLE STATEMENT
Title Sobre el Procedimiento de Mediación Prejudicial en Materia de Salud y las consecuencias en la judicialización de la salud /
Statement of responsibility, etc Martín Zambrano.
260 ## - PUBLICATION, DISTRIBUTION, ETC. (IMPRINT)
Place of publication, distribution, etc Ciudad Autónoma de Buenos Aires :
Name of publisher, distributor, etc Thomson Reuters La Ley,
Date of publication, distribution, etc 2025.
300 ## - PHYSICAL DESCRIPTION
Extent p. 110-119
500 ## - GENERAL NOTE
General note Cita Online: TR LALEY AR/DOC/2391/2025.<br/>
505 ## - FORMATTED CONTENTS NOTE
Formatted contents note Sumario: I. La irrupción del dec. 379/2025 frente al panorama desregulatorio en materia de salud.— II. Modificaciones al régimen actual.— III. Procedimiento de mediación prejudicial en materia de salud.— IV. Registro de Mediadores de PROMESA.— V. Participación estatal.— VI. Capacitaciones iniciales y permanentes.— VII. Anexos res. conjunta 1/2025.— VIII. Disp. 41/2025: pautas de actuación y requisitos para mediadores en salud.— IX. Res. 2461/2025 del Ministerio de Salud: directivas para la actuación de los abogados del Estado en el PROMESA.— X. Conclusión.
505 ## - FORMATTED CONTENTS NOTE
Title ¿Te interesa el texto completo? Solicitalo al correo: koha@justierradelfuego.gov.ar
650 #0 - SUBJECT ADDED ENTRY--TOPICAL TERM
9 (RLIN) 1253
Topical term or geographic name as entry element DERECHO A LA SALUD
650 #0 - SUBJECT ADDED ENTRY--TOPICAL TERM
9 (RLIN) 269
Topical term or geographic name as entry element MEDIACION
650 #0 - SUBJECT ADDED ENTRY--TOPICAL TERM
9 (RLIN) 3273
Topical term or geographic name as entry element MEDICINA PREPAGA
773 0# - HOST ITEM ENTRY
Host Biblionumber 2714
Host Itemnumber 3171
Place, publisher, and date of publication Ciudad Autónoma de Buenos Aires : Thomson Reuters La Ley, 2014-
Title Revista anales de legislación argentina. Nº 10- Octubre 2025.
942 ## - ADDED ENTRY ELEMENTS (KOHA)
Source of classification or shelving scheme
Koha item type Analítica Artículo de Revista

No hay ítems disponibles.

12 de Octubre 789 Ushuaia - Tel:  54(02901)441571
Horario de Atención: 8.00 a 17.00 hs. 
bibliotecaush@justierradelfuego.gov.ar
koha@justierradelfuego.gov.ar
Seguinos en nuestras redes @bibliojustdf 

Con tecnología Koha